Martina Lacová

Bibliographic Details
Main Author: Hološka, Ľudovít, 1943- (Author)
Format: Article
Language:Slovak
ISSN:1335-7786
Subjects:

MARC

LEADER 00000nab a2200000 a 4500
001 vtls010470005
003 SK-MaSNL
005 20260304154951.0
008 250507c2012 xo ||||||||||||00 b|slo
015 |a SNBRB2012/11  |2 snkbucl 
035 |a (uuid)f518fdbc-19b3-4a71-a9fc-0b89a7def67e 
035 |a urn:nbn:sk:snk-abevaz 
035 |a (urnnbn)urn:nbn:sk:snk:ar-000jpk 
038 |a SNKBUCL 
040 |a SNKBUCL  |b slo  |c SNKBUCL  |e AACR2 
041 0 |a slo 
044 |a xo  |c SK 
080 |a 75.071.1  |2 2001 
100 1 |a Hološka, Ľudovít,  |d 1943-  |4 aut  |9 105345 
245 1 0 |a Martina Lacová  |c Ľudovít Hološka 
500 |a Na dokumente uvedený nesprávny ročník (IV.+127.) 
600 1 7 |a Lacová, Martina  |2 snkbucl  |9 1425199 
650 0 7 |a maliarska tvorba  |2 snkbucl  |9 688240 
773 0 |t Slovenské pohľady  |g Roč. IV.+128., č. 4 (2012), s. 2 obál.  |x 1335-7786 
850 |a Slovenská národná knižnica 
852 |a Slovenská národná knižnica 
958 |a article27 
958 |a SK 
958 |a OND 
958 |a EUIPO 
999 |c 2960139  |d 2962069